000 01037nam a22003017a 4500
003 CHAP
005 20220329135113.0
008 971013s1973 r 00010 d
010 _a30966
011 _a31938
035 _a36050
040 _cCHAP
082 _a657
_bL5
100 0 0 _aLisdero, Arturo E.
_967081
245 _aContabilidad e inflación
_b: el ajuste integral, los revalúos legales, contables e impositivos
260 _aBuenos Aires :
_bMacchi,
_c1973
300 _a591 p.
_b: apénd.
590 _aBATCH-UPD
_b10
_c20130110
_lUCH01
_h0026
590 _aBATCH-UPD
_b10
_c20130110
_lUCH01
_h1858
590 _aCONVERSION
_b10
_c20130109
_lUCH01
_h1318
650 1 4 _aContabilidad.
_927421
700 0 _aOuteiral, Luis Eduardo.
_984364
901 _aBK
942 _cLIBRO
949 _a657 L5
_bBC
_cLIBRO
_d33724000278768
_eLIBRO
_h35523
_i36050
_mD AID
_si
949 _a657 L5
_bBC
_cLIBRO
_d33724000278776
_eLIBRO
_fc.2
_h32524
_i36050
_mD AID
_si
949 _a657 L5
_bBC
_cLIBRO
_d33724000278784
_eLIBRO
_fc.3
_h35525
_i36050
_mD AID
_si
999 _c30966
_d30966